[Event "GER CM01-A email"]
[Site "GER email"]
[Date "2014.09.25"]
[Round "?"]
[White "Belchev, Branimir Petrov"]
[Black "Hens, Bernhard"]
[Result "1-0"]
[WhiteElo "2320"]
[BlackElo "2299"]
[PlyCount "125"]
[EventDate "2014.??.??"]
[EventType "tourn (corr)"]
[EventRounds "12"]
[EventCountry "GER"]
[SourceTitle "Corr 2017"]
[Source "ChessBase"]
[SourceDate "2017.09.19"]
[SourceVersion "1"]
[SourceVersionDate "2017.09.19"]
[SourceQuality "1"]

1. c4 e5 2. Nc3 Nf6 3. Nf3 Nc6 4. g3 Bb4 5. Bg2 0-0 6. 0-0 e4 7. Ne1 Bxc3 8. dxc3 h6 9. Nc2 d6 10. Ne3 Re8 11. Qc2 a5 12. b3 a4 13. b4 Ne5 14. Bxe4 Nxe4 15. Qxe4 Be6 16. c5 b5 17. cxb6 cxb6 18. Rd1 Qc7 19. Qd4 Nc4 20. Nc2 Rac8 21. Bf4 f6 22. f3 Bf7 23. Qf2 Qd7 24. Nd4 Nb2 25. Rdc1 Nc4 26. g4 b5 27. h4 Nb6 28. a3 Nc4 29. g5 fxg5 30. hxg5 h5 31. g6 Bxg6 32. Qg3 Ne5 33. Qg5 Rf8 34. Bxe5 dxe5 35. Qxe5 Rce8 36. Qg3 Rf6 37. Rd1 h4 38. Qh2 Bh5 39. Rd3 Bf7 40. e4 Rg6+ 41. Kf2 Rc8 42. Ke3 Qe7 43. Rg1 Rxg1 44. Qxg1 Bh5 45. Qh2 Rf8 46. Kd2 Qf6 47. Re3 Bf7 48. e5 Qh6 49. e6 Be8 50. e7 Rf4 51. Qh3 Rf6 52. Qc8 Qg6 53. Re4 Qg5+ 54. Ke2 Kf7 55. Qh3 Qc1 56. Qg4 Qb2+ 57. Kf1 Qc1+ 58. Kf2 Qh6 59. Qxh4 Qxh4+ 60. Rxh4 Kxe7 61. Re4+ Kf7 62. Re5 Rb6 63. Ke3 1-0

[Event "GER CM01-A email"]
[Site "GER email"]
[Date "2014.09.25"]
[Round "?"]
[White "Dobrica, Dmitry Borisovich"]
[Black "Hens, Bernhard"]
[Result "1/2-1/2"]
[WhiteElo "2379"]
[BlackElo "2299"]
[PlyCount "99"]
[EventDate "2014.??.??"]
[EventType "tourn (corr)"]
[EventRounds "12"]
[EventCountry "GER"]
[SourceTitle "Corr 2017"]
[Source "ChessBase"]
[SourceDate "2017.09.19"]
[SourceVersion "1"]
[SourceVersionDate "2017.09.19"]
[SourceQuality "1"]

1. e4 c5 2. Nf3 d6 3. d4 cxd4 4. Nxd4 Nf6 5. Nc3 a6 6. h3 e6 7. g4 Be7 8. g5 Nfd7 9. Be3 b5 10. a3 Bb7 11. Qd2 Nc6 12. h4 Rc8 13. Nxc6 Rxc6 14. 0-0-0 0-0 15. Kb1 Ne5 16. f4 Nc4 17. Bxc4 Rxc4 18. Bd4 a5 19. Qe2 Qc8 20. Nxb5 e5 21. f5 Rxd4 22. Nxd4 exd4 23. Rxd4 Re8 24. Re1 Qc5 25. c3 g6 26. fxg6 hxg6 27. Qh2 Bf8 28. h5 gxh5 29. Qxh5 Bg7 30. Ka1 Bc8 31. e5 dxe5 32. g6 f5 33. Rf4 Qc6 34. Rxf5 Bxf5 35. Qxf5 Re6 36. Qf7+ Kh8 37. Re4 Rxg6 38. Rh4+ Rh6 39. Rg4 Rh1+ 40. Ka2 Qh6 41. Qd5 Rf1 42. c4 Rf4 43. Rg3 Qh4 44. Rb3 Kh7 45. c5 a4 46. Rb7 Qh5 47. Rb4 Rxb4 48. axb4 Qe2 49. Ka3 e4 50. Kxa4 1/2-1/2

[Event "GER Cup18 sf20 serv"]
[Site "GER email"]
[Date "2010.06.20"]
[Round "?"]
[White "Beck, Gerhard"]
[Black "Hens, Bernhard"]
[Result "1-0"]
[WhiteElo "1958"]
[BlackElo "2128"]
[PlyCount "101"]
[EventDate "2010.06.21"]
[EventType "tourn (corr)"]
[EventRounds "8"]
[EventCountry "GER"]
[SourceTitle "Corr 2015"]
[Source "ChessBase"]
[SourceDate "2015.07.17"]
[SourceVersion "1"]
[SourceVersionDate "2015.07.17"]
[SourceQuality "1"]
[WhiteTeam "Germany"]
[BlackTeam "Germany"]
[WhiteTeamCountry "GER"]
[BlackTeamCountry "GER"]

1. d4 Nf6 2. c4 e6 3. Nf3 b6 4. g3 Ba6 5. b3 Bb4+ 6. Bd2 Be7 7. Bg2 c6 8. Bc3 d5 9. Ne5 Nfd7 10. Nxd7 Nxd7 11. Nd2 0-0 12. 0-0 f5 13. a4 Rb8 14. Qc2 Nf6 15. Nf3 c5 16. dxc5 bxc5 17. cxd5 Nxd5 18. Be5 Rb4 19. Rfd1 Qb6 20. Ne1 Nf6 21. Rab1 Ne4 22. e3 Bf6 23. Bxf6 Nxf6 24. Nd3 Bxd3 25. Rxd3 Rc8 26. Rbd1 c4 27. Rd6 Qc5 28. bxc4 Rxc4 29. Qb3 Kf7 30. Bf1 Re4 31. Ra6 Rc7 32. Rd4 Re7 33. Rdd6 Qb4 34. Qc2 Nd7 35. Bd3 Nb8 36. Bxe4 Nxa6 37. Rxa6 Qxe4 38. Qxe4 fxe4 39. Kg2 g5 40. Ra5 Kf6 41. g4 Rc7 42. Kg3 h6 43. h4 gxh4+ 44. Kxh4 Rc1 45. Rxa7 Rh1+ 46. Kg3 Ra1 47. Ra8 Ke5 48. Ra5+ Kf6 49. Rh5 Rxa4 50. Rxh6+ Kf7 51. g5 1-0

[Event "GER Cup18 sf20 serv"]
[Site "GER email"]
[Date "2010.06.20"]
[Round "?"]
[White "Hens, Bernhard"]
[Black "Oppermann, Peter"]
[Result "1/2-1/2"]
[WhiteElo "2128"]
[BlackElo "1986"]
[PlyCount "101"]
[EventDate "2010.06.21"]
[EventType "tourn (corr)"]
[EventRounds "8"]
[EventCountry "GER"]
[SourceTitle "Corr 2015"]
[Source "ChessBase"]
[SourceDate "2015.07.17"]
[SourceVersion "1"]
[SourceVersionDate "2015.07.17"]
[SourceQuality "1"]
[WhiteTeam "Germany"]
[BlackTeam "Germany"]
[WhiteTeamCountry "GER"]
[BlackTeamCountry "GER"]

1. Nf3 d5 2. d4 Nf6 3. e3 Bf5 4. c4 e6 5. Nc3 c6 6. Nh4 Be4 7. f3 Bg6 8. Qb3 Qc7 9. Bd2 Nbd7 10. cxd5 Nxd5 11. e4 Nxc3 12. bxc3 Be7 13. Nxg6 hxg6 14. g3 Rxh2 15. Rxh2 Qxg3+ 16. Rf2 Bh4 17. 0-0-0 Qxf2 18. Qxb7 Rb8 19. Qxc6 Qxf3 20. Bb5 Rxb5 21. Qxb5 Qxe4 22. Qa6 g5 23. Qc8+ Ke7 24. c4 Nb6 25. Qc7+ Kf6 26. Rf1+ Kg6 27. Qxf7+ Kh6 28. Qg8 Qxd4 29. Qxe6+ Kh7 30. Qf5+ Kh6 31. Rf3 Nxc4 32. Bc3 Qg1+ 33. Rf1 Qe3+ 34. Kc2 Qe2+ 35. Kb3 Nb6 36. Qf7 Qb5+ 37. Kc2 Qe2+ 38. Kc1 Qe3+ 39. Bd2 Qa3+ 40. Kd1 Qa4+ 41. Qb3 Qg4+ 42. Kc2 Nc4 43. Qf3 Qc8 44. Bc3 Qe6 45. Qf7 Qe2+ 46. Kb3 Nd2+ 47. Bxd2 Qxd2 48. Qe6+ g6 49. Qf6 Qe3+ 50. Kb2 Kh5 51. Rh1 1/2-1/2

[Event "GER Cup18 sf20 serv"]
[Site "GER email"]
[Date "2010.06.06"]
[Round "?"]
[White "Koltzsch, Klaus Juergen"]
[Black "Hens, Bernhard"]
[Result "1/2-1/2"]
[WhiteElo "1906"]
[BlackElo "2128"]
[PlyCount "67"]
[EventDate "2010.06.21"]
[EventType "tourn (corr)"]
[EventRounds "8"]
[EventCountry "GER"]
[SourceTitle "Corr 2015"]
[Source "ChessBase"]
[SourceDate "2015.07.17"]
[SourceVersion "1"]
[SourceVersionDate "2015.07.17"]
[SourceQuality "1"]
[WhiteTeam "Germany"]
[BlackTeam "Germany"]
[WhiteTeamCountry "GER"]
[BlackTeamCountry "GER"]

1. d4 Nf6 2. c4 e6 3. Nf3 b6 4. g3 Ba6 5. b3 Bb4+ 6. Bd2 Be7 7. Bg2 c6 8. Bc3 d5 9. Ne5 Nfd7 10. Nxd7 Nxd7 11. Nd2 0-0 12. 0-0 f5 13. Rc1 Nf6 14. Bb2 Bd6 15. Nf3 Qe7 16. Ne5 Rac8 17. Nd3 Rfd8 18. c5 Bb8 19. Rc2 Nd7 20. f4 Bxd3 21. exd3 bxc5 22. Qe2 cxd4 23. Rfc1 Qd6 24. Bxd4 Re8 25. Qh5 g6 26. Qh6 e5 27. fxe5 Nxe5 28. b4 Rcd8 29. Qd2 a6 30. Kh1 Qe7 31. Qc3 Qb7 32. a3 Qd7 33. Bxe5 Bxe5 34. d4 1/2-1/2

[Event "GER-chT8 LH-23 Br3 email"]
[Site "GER email"]
[Date "2009.10.09"]
[Round "?"]
[White "Seidel, Sandra"]
[Black "Hens, Bernhard"]
[Result "1/2-1/2"]
[WhiteElo "1987"]
[BlackElo "2128"]
[PlyCount "107"]
[EventDate "2009.10.15"]
[EventType "tourn (corr)"]
[EventRounds "8"]
[EventCountry "GER"]
[SourceTitle "Corr 2020"]
[Source "ChessBase"]
[SourceDate "2019.09.30"]
[SourceVersion "1"]
[SourceVersionDate "2019.09.30"]
[SourceQuality "1"]

1. Nf3 Nf6 2. c4 e6 3. Nc3 Bb4 4. Qc2 0-0 5. a3 Bxc3 6. Qxc3 b6 7. e3 Bb7 8. Be2 d5 9. cxd5 Nxd5 10. Qc2 c5 11. 0-0 Nc6 12. b3 Qe7 13. Bb2 Rad8 14. d3 e5 15. Rfd1 Rd6 16. Nd2 Rg6 17. g3 f5 18. Bf3 Qd7 19. Bg2 f4 20. Re1 Rf7 21. Nf3 Qg4 22. Qe2 Qe6 23. Rab1 fxe3 24. fxe3 h6 25. Rbd1 Ba6 26. Nd2 Nf6 27. Rf1 Bb7 28. Nc4 Rg5 29. Bc1 Rg6 30. Qc2 Rg5 31. Rf2 Rd7 32. Rdf1 Rd8 33. Bb2 Ba6 34. Bf3 Ne7 35. Rd1 Nf5 36. Re1 Nd6 37. Bg2 Ng4 38. Rd2 Rf8 39. Qd1 Bb7 40. e4 Qe7 41. a4 Bc6 42. Bc3 Rg6 43. Ree2 h5 44. h3 Nxc4 45. dxc4 Nf6 46. Rd3 h4 47. g4 Nh7 48. Be1 Rh6 49. Rf2 Rxf2 50. Bxf2 Ng5 51. Be3 Rg6 52. Rd8+ Kh7 53. Rd3 Nxe4 54. g5 1/2-1/2